Understanding Daniel and Revelation / (Record no. 25322)
[ view plain ]
| 000 -LEADER | |
|---|---|
| fixed length control field | 01056cam a22003138i 4500 |
| 001 - CONTROL NUMBER | |
| control field | 1157476726 |
| 003 - CONTROL NUMBER IDENTIFIER | |
| control field | AUA.1 |
| 005 - DATE AND TIME OF LATEST TRANSACTION | |
| control field | 20260312193658.0 |
| 008 - FIXED-LENGTH DATA ELEMENTS--GENERAL INFORMATION | |
| fixed length control field | 200210s2020 idua b 000 0 eng |
| 010 ## - LIBRARY OF CONGRESS CONTROL NUMBER | |
| LC control number | 2020006732 |
| 020 ## - INTERNATIONAL STANDARD BOOK NUMBER | |
| International Standard Book Number | 9780816366446 |
| 020 ## - INTERNATIONAL STANDARD BOOK NUMBER | |
| International Standard Book Number | 0816366446 |
| 020 ## - INTERNATIONAL STANDARD BOOK NUMBER | |
| International Standard Book Number | 9780816367139 |
| 020 ## - INTERNATIONAL STANDARD BOOK NUMBER | |
| International Standard Book Number | 0816367132 |
| 035 ## - SYSTEM CONTROL NUMBER | |
| System control number | (OCoLC)1157476726 |
| 040 ## - CATALOGING SOURCE | |
| Original cataloging agency | DLC |
| Language of cataloging | eng |
| Description conventions | rda |
| Transcribing agency | DLC |
| Modifying agency | OCLCO |
| -- | OCLCF |
| -- | DLC |
| -- | EXN |
| 042 ## - AUTHENTICATION CODE | |
| Authentication code | pcc |
| 050 00 - LIBRARY OF CONGRESS CALL NUMBER | |
| Classification number | BS2825.53 |
| Item number | .F55 2020 |
| 082 00 - DEWEY DECIMAL CLASSIFICATION NUMBER | |
| Classification number | 224/.507 |
| Edition number | 23 |
| 100 1# - MAIN ENTRY--PERSONAL NAME | |
| Personal name | Finley, Mark, |
| Dates associated with a name | 1945- |
| Relator term | author. |
| 245 10 - TITLE STATEMENT | |
| Title | Understanding Daniel and Revelation / |
| Statement of responsibility, etc | Mark Finley. |
| 260 ## - PUBLICATION, DISTRIBUTION, ETC. (IMPRINT) | |
| Place of publication, distribution, etc | Nampa, Idaho : |
| Name of publisher, distributor, etc | Pacific Press Publishing Association, |
| Date of publication, distribution, etc | c2020. |
| 300 ## - PHYSICAL DESCRIPTION | |
| Extent | 416 pages : |
| Other physical details | color illustrations ; |
| Dimensions | 26 cm. |
| 504 ## - BIBLIOGRAPHY, ETC. NOTE | |
| Bibliography, etc | Includes bibliographical references. |
| 520 ## - SUMMARY, ETC. | |
| Summary, etc | "This is a commentary on the Biblical books of Daniel and Revelation"-- |
| 630 00 - SUBJECT ADDED ENTRY--UNIFORM TITLE | |
| Uniform title | Bible. |
| Name of part/section of a work | Revelation |
| Form subdivision | Commentaries. |
| 630 00 - SUBJECT ADDED ENTRY--UNIFORM TITLE | |
| Uniform title | Bible. |
| Name of part/section of a work | Daniel |
| Form subdivision | Commentaries. |
| 942 ## - ADDED ENTRY ELEMENTS (KOHA) | |
| Source of classification or shelving scheme | Library of Congress Classification |
| Koha item type | Books |
| Classification part | BS 2825.53 |
| Item part | .F55 2020 |
| Withdrawn status | Lost status | Source of classification or shelving scheme | Damaged status | Not for loan | Collection code | Home library | Current library | Shelving location | Date acquired | Source of acquisition | Cost, normal purchase price | Serial Enumeration / chronology | Total Checkouts | Full call number | Barcode | Date last seen | Cost, replacement price | Price effective from | Koha item type | Copy number |
|---|---|---|---|---|---|---|---|---|---|---|---|---|---|---|---|---|---|---|---|---|
| Library of Congress Classification | Books | Judith Thomas Library | Judith Thomas Library | General Stacks | 12/03/2026 | Donation, Pacific Press | 16.99 | AUA28074 | BS 2825.53 .F55 2020 | AUA28074 | 12/03/2026 | 16.99 | 12/03/2026 | Books | ||||||
| Library of Congress Classification | Books | Judith Thomas Library | Judith Thomas Library | General Stacks | 12/03/2026 | Donation, Pacific Press | 16.99 | AUA28075 | BS 2825.53 .F55 2020 | AUA28075 | 12/03/2026 | 16.99 | 12/03/2026 | Books | 2 |